Logo CIB grande

EXCEL 2000 EN UN SOLO LIBRO:PARA PC IBM Y COMPATIBLES (Registro nro. 216671)

Detalles MARC
000 -LEADER
campo de control de longitud fija 00751nam a2200217Ia 4500
005 - FECHA Y HORA DE LA ÚLTIMA TRANSACCIÓN
campo de control 20250425161820.0
008 - DATOS DE LONGITUD FIJA--INFORMACIÓN GENERAL
campo de control de longitud fija 250425s9999 xx 000 0 und d
020 ## - NÚMERO INTERNACIONAL ESTÁNDAR DEL LIBRO
Número Internacional Estándar del Libro 9879008871
041 ## - CÓDIGO DE IDIOMA
Código de lengua del texto/banda sonora o título independiente spa
082 ## - NÚMERO DE LA CLASIFICACIÓN DECIMAL DEWEY
Número de clasificación 005.82
010 ## - NÚMERO DE CONTROL DE LA BIBLIOTECA DEL CONGRESO
Número de control de LC 30847
245 #0 - MENCIÓN DEL TÍTULO
Título EXCEL 2000 EN UN SOLO LIBRO:PARA PC IBM Y COMPATIBLES
250 ## - MENCION DE EDICION
Mención de edición 1A ED.
260 ## - PUBLICACIÓN, DISTRIBUCIÓN, ETC.
Lugar de publicación, distribución, etc. Argentina
Nombre del editor, distribuidor, etc. GYR
Fecha de publicación, distribución, etc. 1999
260 ## - PUBLICACIÓN, DISTRIBUCIÓN, ETC.
Lugar de publicación, distribución, etc. S.L.
300 ## - DESCRIPCIÓN FÍSICA
Extensión 316
500 ## - NOTA GENERAL
Nota general A LA MASTER EVELYN CIRES QUINTERO SE LE PERDIERON 3 LIBROS (INV. D-23392, D--23341 Y D-23342) POR LO CUAL ENTREGO LOS LIBROS: PROGRAMACION ORIENTADO A OBJETO/ DE JOYANES DE UN VALOR DE (49.74) Y PROGRAMACION EN JAVA 2 / DE JOYANES CON UN VALOR DE (28.9
650 ## - PUNTO DE ACCESO ADICIONAL DE MATERIA--TÉRMINO DE MATERIA
Término de materia o nombre geográfico como elemento de entrada MICROSOFT EXCEL
650 ## - PUNTO DE ACCESO ADICIONAL DE MATERIA--TÉRMINO DE MATERIA
Término de materia o nombre geográfico como elemento de entrada PROGRAMAS
942 ## - ELEMENTOS DE ENTRADA SECUNDARIOS (KOHA)
Tipo de ítem Koha Libros
Existencias
Estatus retirado Estado de pérdida Estado de daño No para préstamo Biblioteca de origen Biblioteca actual Fecha de adquisición Coste, precio normal de compra Total de préstamos Código de barras Copia número
        ESCUELA DE NEGOCIOS ESCUELA DE NEGOCIOS 04/12/2000 20.00   CP-01244 1

Copyright 2025 ESPOL. Todos los derechos reservados.